Organic Syntheses

Saved in:
Bibliografiske detaljer
Hovedforfatter: Blatt, A. H (Author)
Format: Bog
Sprog:spansk
Udgivet: Nueva York John Wiley and Sons, Inc 1943
Fag:
Tags: Tilføj Tag
Ingen Tags, Vær først til at tagge denne postø!

MARC

LEADER 00000nam a2200000 a 4500
001 UCG3168
003 CL-VaPUC
008 100812e19430000US |||||||||||||||||spa|d
082 0 4 |a 547  |b BLA  |2 21 
100 0 |a Blatt, A. H  |e author  |9 552087 
245 1 0 |a Organic Syntheses 
300 |a v 
942 |c BK 
945 |d 20100812 00:00:00  |a mfarfan 
260 |a Nueva York  |b John Wiley and Sons, Inc  |c 1943 
650 0 |a Química orgánica   |9 259426 
650 0 |a Reacciones químicas  |9 259438 
650 0 |a Productos químicos  |9 326289 
650 0 |a Moléculas   |9 259584 
583 |a last modification  |c 20100812 00:00:00  |k Rodrigo Vera 
999 |c 342253  |d 342251 
952 |0 0  |1 0  |4 0  |6 547_000000000000000_BLA_1943  |7 0  |8 A  |9 438344  |a BIBCUR  |b BIBCUR  |d 2019-11-22  |h v.2  |i 4706269  |o 547 BLA 1943  |p 4706269  |r 2025-04-22  |w 2019-11-22  |y BK  |k QUI